| 000 | 00704cam a22001934a 4500 | ||
|---|---|---|---|
| 005 | 20250605164346.0 | ||
| 008 | 250528s ||||||||||||||||||||||||d | ||
| 035 | _a23880 | ||
| 040 |
_aGR-AtMCL _bgre _dGR-AtMCL _eAACR2 |
||
| 245 | 1 | _aWhat Has Psychology Done? / Suicide Bombing, Relationships After Head Injury, Japan | |
| 260 | _c2005 | ||
| 300 | _a63 | ||
| 520 | _aService Users: Undervalued and Underused?, Waking Up Next to a Stranger, What Has Psychology Done?, Public Discussion and the Liberal Shift, A Deadly Contagion?, Psychology in Japan. | ||
| 700 | 1 |
_aSutton Jon _99351 |
|
| 942 | _cCR | ||
| 710 | 2 |
_aThe British Psychological Society _99823 |
|
| 999 |
_c8798 _d8798 |
||